00984pam a2200253 a 450000100060000000300080000600500170001400800390003102000300007003500190010004000230011904100080014208200250015010000280017524500710020326000780027430000350035250400200038765100170040794200150042499900170043995201420045695201320059826503BD-RjUL20211209051027.0140322s1987 coua b 001 0 eng a0813301254 (alk. paper) : a(BD-RjUL)26573 aDLCcDLCdDLCbeng aeng00a953.53219bALO 19871 aAllen, Calvin H.98151510aOman :bthe modernization of the sultanate /cCalvin H. Allen, Jr. aBoulder, Colo. :bWestview Press ;aLondon, England :bCroom Helm,c1987. axiii, 154 p. :bill. ;c24 cm. aIncludes index. 0aOman.981517 2ddccBK01 c26503d26503 00102ddc40708NFICaRUCLbRUCLcStackd1990-06-04eN/Ag0.00l1o953.53 ALO 1987r2015-09-12 00:00:00s2015-04-21tC-2w2014-03-22yBK 00102ddc40728NFICaRUCLbRUCLcReadingd1990-06-04eN/Ag0.00l0o953.53 ALO 1987r2014-03-27 00:00:00tC-1w2014-03-27yBK